[Event "2. Bundesliga West 2017/18"]
[Site "OMICRON Electronics"]
[Date "2017.12.02"]
[Round "4"]
[Board "2"]
[White "Gatterer, Florian"]
[Black "Burschowsky, Matthias"]
[Result "0-1"]
[WhiteElo "2271"]
[BlackElo "2191"]
[PlyCount "106"]
[EventDate "2017.10.13"]
[EventType "team"]
[EventRounds "11"]
[EventCountry "AUT"]
[WhiteTeam "Rochade Rum"]
[BlackTeam "Hohenems II"]

1. d4 Nf6 2. Nf3 c5 3. d5 b5 4. Bg5 Qb6 5. Bxf6 Qxf6 6. c3 g6 7. Nbd2 Bg7 8. e4
Qb6 9. Qc2 d6 10. a4 b4 11. a5 Qd8 12. Bd3 O-O 13. O-O Na6 14. Nc4 Rb8 15. Rfe1
Qd7 16. h3 Qb7 17. Rab1 Rd8 18. Red1 Bd7 19. Ne3 Nc7 20. c4 b3 21. Qe2 Qa6 22.
Ra1 Rb4 23. h4 Rdb8 24. g3 Ra4 25. Rxa4 Bxa4 26. h5 Qxa5 27. Ra1 Qb4 28. Kg2 a6
29. e5 dxe5 30. hxg6 hxg6 31. Ng4 Be8 32. Ngxe5 Qb6 33. Qe3 Qd6 34. Rh1 e6 35.
Ng4 exd5 36. Nh6+ Kf8 37. Ng5 Ne6 38. Nh7+ Ke7 39. Ng8+ Kd8 40. cxd5 Qxd5+ 41.
Be4 Qe5 42. Qd2+ Kc7 43. Re1 Qd6 44. Qc1 f5 45. Bf3 Bc6 46. Bxc6 Qxc6+ 47. Kg1
Rxg8 48. Rxe6 Qxe6 49. Qxc5+ Kb7 50. Ng5 Qc6 51. Qe7+ Kb8 52. Ne6 Rh8 53. Qb4+
Ka8  0-1

[Event "2. Bundesliga West 2017/18"]
[Site "OMICRON Electronics"]
[Date "2017.12.02"]
[Round "4"]
[Board "3"]
[White "Hofer, Emilian"]
[Black "Paltrinieri, Nicholas"]
[Result "1/2-1/2"]
[WhiteElo "2136"]
[BlackElo "2300"]
[PlyCount "126"]
[EventDate "2017.10.13"]
[EventType "team"]
[EventRounds "11"]
[EventCountry "AUT"]
[WhiteTeam "Hohenems II"]
[BlackTeam "Rochade Rum"]

1. e4 e6 2. d4 d5 3. Nd2 c5 4. exd5 exd5 5. Ngf3 Nc6 6. Bb5 Bd6 7. dxc5 Bxc5 8.
O-O Nge7 9. Nb3 Bd6 10. Bg5 O-O 11. Bh4 Qb6 12. Bd3 h6 13. Bg3 Bxg3 14. hxg3
Bg4 15. c3 Rfd8 16. Re1 a5 17. Qc2 Rac8 18. Nh2 Be6 19. Qd2 a4 20. Nd4 Nxd4 21.
cxd4 Nc6 22. Nf3 Kh8 23. Bc2 Qa6 24. Rac1 Kg8 25. Bb1 Kf8 26. Qf4 Ne7 27. Rxc8
Rxc8 28. Ne5 Qa5 29. Qe3 Qc7 30. Qa3 b5 31. Bd3 Rb8 32. Qb4 Kg8 33. a3 Nc8 34.
Qd2 Nd6 35. Rc1 Nc4 36. Bxc4 bxc4 37. Nd3 Qb6 38. Nb4 h5 39. Re1 g6 40. Qf4 Rd8
41. Qf6 Rd6 42. Qf4 Rd8 43. Re3 Qb5 44. Qg5 Qd7 45. Nc6 Re8 46. Ne5 Qe7 47.
Qxe7 Rxe7 48. Nc6 Rb7 49. Nb4 Kf8 50. Kf1 Ke8 51. Ke1 Kd7 52. Kd2 Kd6 53. Kc1
Rb6 54. Na2 f6 55. Nc3 Bd7 56. Ne2 Rb8 57. Nc3 Rh8 58. Rf3 f5 59. Re3 h4 60.
Ne2 g5 61. gxh4 Rxh4 62. g3 Rh2 63. f4 g4  1/2-1/2

[Event "2. Bundesliga West 2017/18"]
[Site "OMICRON Electronics"]
[Date "2017.12.02"]
[Round "4"]
[Board "4"]
[White "Moroder, Stefan"]
[Black "Kranzl, Julian"]
[Result "1-0"]
[WhiteElo "2212"]
[BlackElo "2141"]
[PlyCount "121"]
[EventDate "2017.10.13"]
[EventType "team"]
[EventRounds "11"]
[EventCountry "AUT"]
[WhiteTeam "Rochade Rum"]
[BlackTeam "Hohenems II"]

1. e4 c5 2. Nf3 d6 3. d4 cxd4 4. Nxd4 Nf6 5. Nc3 a6 6. h3 g6 7. g4 Bg7 8. Bg2
h5 9. g5 Nfd7 10. O-O Nc6 11. Nde2 O-O 12. a4 Rb8 13. Be3 b5 14. axb5 axb5 15.
Nd4 Nxd4 16. Bxd4 b4 17. Bxg7 Kxg7 18. Nd5 e6 19. Qd4+ Kg8 20. Ne3 Qxg5 21.
Qxd6 Rb6 22. Qc7 Qb5 23. Rfd1 Rc6 24. Ra5 Qb6 25. Qxb6 Rxb6 26. Ra7 Nc5 27. e5
Ba6 28. b3 Rfb8 29. Rc7 Nb7 30. Bf1 Bxf1 31. Kxf1 Na5 32. Rdd7 Rf8 33. f4 Rc6
34. Ke2 Rxc7 35. Rxc7 Rb8 36. Nc4 Nxc4 37. Rxc4 g5 38. fxg5 Rb5 39. Re4 Kg7 40.
Ke3 Kg6 41. Kf4 Rb6 42. h4 Rb5 43. Rc4 Rb8 44. Ke4 Rb7 45. Kf4 Kg7 46. Ke3 Kg6
47. Rf4 Kg7 48. Kd3 Rb5 49. Kc4 Rb8 50. Rf2 Rb7 51. Kc5 Rb8 52. Kc6 Rc8+ 53.
Kb5 Rb8+ 54. Ka4 Rb7 55. Rf4 Kg6 56. Rxb4 Rc7 57. Rc4 Ra7+ 58. Kb5 Kf5 59. Kb6
Ra2 60. b4 Kxe5 61. b5  1-0

[Event "2. Bundesliga West 2017/18"]
[Site "OMICRON Electronics"]
[Date "2017.12.02"]
[Round "4"]
[Board "5"]
[White "Jedlicka, Robert"]
[Black "Hengl, Christian"]
[Result "1/2-1/2"]
[WhiteElo "2057"]
[BlackElo "2153"]
[PlyCount "70"]
[EventDate "2017.10.13"]
[EventType "team"]
[EventRounds "11"]
[EventCountry "AUT"]
[WhiteTeam "Hohenems II"]
[BlackTeam "Rochade Rum"]

1. d4 d5 2. c4 c6 3. Nc3 Nf6 4. Nf3 dxc4 5. a4 Bf5 6. Ne5 Nbd7 7. Nxc4 Nb6 8.
Ne5 a5 9. f3 Nfd7 10. Nxd7 Bxd7 11. e4 Qc7 12. Be3 e6 13. Bd3 Bb4 14. O-O O-O
15. Ne2 Qd6 16. Rc1 Rac8 17. b3 c5 18. e5 Qe7 19. Bb1 Rfd8 20. Qd3 g6 21. Qe4
Nd5 22. Bf2 Bc6 23. Bh4 f6 24. exf6 Qf7 25. dxc5 Bd2 26. Qe5 Ne3 27. Nf4 Nxf1
28. Rxf1 Bd5 29. Nd3 Bxb3 30. Qb2 Be3+ 31. Kh1 Bc4 32. Ne5 Bxf1 33. Nxf7 Rd2
34. Qxd2 Bxd2 35. Ne5 g5  1/2-1/2

[Event "2. Bundesliga West 2017/18"]
[Site "OMICRON Electronics"]
[Date "2017.12.02"]
[Round "4"]
[Board "6"]
[White "Jedinger, Andreas"]
[Black "Kezic, Andreas"]
[Result "1/2-1/2"]
[WhiteElo "2108"]
[BlackElo "1906"]
[PlyCount "108"]
[EventDate "2017.10.13"]
[EventType "team"]
[EventRounds "11"]
[EventCountry "AUT"]
[WhiteTeam "Rochade Rum"]
[BlackTeam "Hohenems II"]

1. e4 e5 2. Nf3 Nc6 3. Bb5 Bc5 4. O-O Nf6 5. Nxe5 Nxe5 6. d4 c6 7. Be2 Nxe4 8.
dxc5 Nxc5 9. b4 Na4 10. c4 Nb6 11. Bb2 f6 12. f4 Nf7 13. Nc3 d5 14. c5 Nd7 15.
Bd3 O-O 16. Qh5 Nh6 17. Ne2 Qe8 18. Qf3 Qf7 19. Nd4 Re8 20. Rae1 Nf8 21. Rxe8
Qxe8 22. Qg3 Bd7 23. Re1 Qf7 24. f5 Re8 25. Rf1 Qe7 26. Nc2 Qf7 27. a4 Bc8 28.
b5 Nd7 29. bxc6 bxc6 30. Qd6 Qe7 31. Qxc6 Qxc5+ 32. Qxc5 Nxc5 33. Bb5 Bd7 34.
Bd4 a6 35. Bxd7 Nxd7 36. Ne3 Re4 37. Rd1 Ne5 38. Nxd5 Nxf5 39. Bxe5 Rxe5 40.
Kf2 Re4 41. Nc3 Rc4 42. Rd3 Nd4 43. Re3 Kf7 44. h3 Nb3 45. Ne4 Rc2+ 46. Kg3 Nc5
47. Nxc5 Rxc5 48. Re4 h5 49. Rb4 g5 50. Rb7+ Kg6 51. Rb6 Ra5 52. Rb4 Rf5 53.
Rb6 Ra5 54. Rb4 Rf5  1/2-1/2

[Event "2. Bundesliga West 2017/18"]
[Site "OMICRON Electronics"]
[Date "2017.12.02"]
[Round "4"]
[Board "1"]
[White "Krivoborodov, Egor"]
[Black "Gaehwiler, Gabriel"]
[Result "1/2-1/2"]
[WhiteElo "2542"]
[BlackElo "2419"]
[PlyCount "130"]
[EventDate "2017.10.13"]
[EventType "team"]
[EventRounds "11"]
[EventCountry "AUT"]
[WhiteTeam "ASK Salzburg"]
[BlackTeam "Dornbirn"]

1. d4 Nf6 2. Bf4 b6 3. Nf3 Bb7 4. e3 g6 5. Bd3 Bg7 6. Nbd2 d5 7. O-O O-O 8. c3
c5 9. a4 Ne4 10. Qc2 f5 11. Ne5 Nxd2 12. Qxd2 Nd7 13. Nxd7 Qxd7 14. b4 Rfc8 15.
a5 Bc6 16. Qe2 c4 17. Bc2 e6 18. Qf3 Bf6 19. Qg3 Qg7 20. f3 Re8 21. axb6 axb6
22. Bc7 e5 23. Bxe5 Bxe5 24. dxe5 Rxe5 25. Rxa8+ Bxa8 26. Ra1 Bc6 27. Qf4 Re8
28. Ra3 Qe7 29. Kf2 g5 30. Qd4 f4 31. e4 dxe4 32. Qxc4+ Kh8 33. Qd4+ Qe5 34.
Qxe5+ Rxe5 35. fxe4 Bxe4 36. Bxe4 Rxe4 37. Kf3 Re3+ 38. Kg4 h6 39. Kf5 Kg7 40.
Ra7+ Kf8 41. c4 Re2 42. b5 Ke8 43. Rb7 Rxg2 44. Rxb6 f3 45. Rf6 Rc2 46. Ke6
Rxc4 47. Rxf3 Kd8 48. Kd5 Rc2 49. Rh3 Kc7 50. Rxh6 Rb2 51. Kc5 Rc2+ 52. Kd4 Rb2
53. Kc4 Re2 54. h3 Re1 55. Rh5 Re3 56. Kd5 Kb6 57. Kd4 Rf3 58. Ke4 Rf4+ 59. Ke3
Rh4 60. Rxh4 gxh4 61. Kf4 Kxb5 62. Kg4 Kc6 63. Kxh4 Kd7 64. Kg5 Ke8 65. Kg6 Kf8
 1/2-1/2

[Event "2. Bundesliga West 2017/18"]
[Site "OMICRON Electronics"]
[Date "2017.12.02"]
[Round "4"]
[Board "2"]
[White "Novkovic, Milan"]
[Black "Frank, Emanuel"]
[Result "1/2-1/2"]
[WhiteElo "2362"]
[BlackElo "2165"]
[PlyCount "69"]
[EventDate "2017.10.13"]
[EventType "team"]
[EventRounds "11"]
[EventCountry "AUT"]
[WhiteTeam "Dornbirn"]
[BlackTeam "ASK Salzburg"]

1. Nf3 d5 2. g3 Bg4 3. Bg2 c6 4. O-O Nd7 5. d3 Ngf6 6. Nbd2 e5 7. e4 dxe4 8.
dxe4 Bc5 9. a4 a5 10. h3 Bh5 11. Qe1 O-O 12. Nc4 Qc7 13. Bd2 b6 14. Nh4 Ne8 15.
Bf3 Bxf3 16. Nxf3 Nd6 17. Qe2 Rfe8 18. Rfd1 Nf8 19. Bc3 f6 20. Nxd6 Bxd6 21.
Qc4+ Kh8 22. h4 Ne6 23. Kg2 Rad8 24. h5 Bc5 25. Rxd8 Qxd8 26. Re1 Qd7 27. Qe2
Rd8 28. b3 Bb4 29. Bxb4 axb4 30. Ra1 Nf4+ 31. gxf4 Qg4+ 32. Kf1 Qh3+ 33. Kg1
Qg4+ 34. Kf1 Qh3+ 35. Kg1  1/2-1/2

[Event "2. Bundesliga West 2017/18"]
[Site "OMICRON Electronics"]
[Date "2017.12.02"]
[Round "4"]
[Board "3"]
[White "Juergens, Klaus"]
[Black "Szakolczai, Peter"]
[Result "1-0"]
[WhiteElo "2102"]
[BlackElo "2222"]
[PlyCount "129"]
[EventDate "2017.10.13"]
[EventType "team"]
[EventRounds "11"]
[EventCountry "AUT"]
[WhiteTeam "ASK Salzburg"]
[BlackTeam "Dornbirn"]

1. Nf3 c5 2. c4 g6 3. d4 cxd4 4. Nxd4 Bg7 5. e4 Nc6 6. Be3 Nf6 7. Nc3 O-O 8.
Be2 d6 9. O-O Nxd4 10. Bxd4 Bd7 11. f3 a5 12. a3 a4 13. c5 e5 14. Be3 dxc5 15.
Bxc5 Re8 16. Qe1 Rc8 17. Qf2 Bf8 18. Bb6 Qe7 19. Rfd1 Bc6 20. Nb5 Nh5 21. Nd6
Nf4 22. Kh1 Qg5 23. Nxc8 Rxc8 24. Bf1 h5 25. g3 Ne6 26. Bh3 Qf6 27. Rd2 Re8 28.
Bxe6 Qxe6 29. Rad1 Be7 30. Bd8 Kg7 31. Bxe7 Qxe7 32. Kg2 h4 33. g4 Qg5 34. Rd6
Qf4 35. Qxh4 Rh8 36. Qg3 Qg5 37. h3 f6 38. R1d2 Qe3 39. R6d3 Qg5 40. Rc2 Kf7
41. Qf2 Qh6 42. h4 Qxh4 43. Qxh4 Rxh4 44. Rc1 Rh8 45. Rh1 Ra8 46. Rh7+ Ke6 47.
Rg7 g5 48. Rh7 Ra5 49. Kf2 Rb5 50. Rd2 Rb3 51. Rh8 Ke7 52. Rhd8 Rxb2 53. Rxb2
Kxd8 54. Ke3 Ke7 55. Kd3 Kd6 56. Kc4 Kc7 57. Kc5 Be8 58. Rh2 b6+ 59. Kb4 Kd6
60. Rh6 Ke6 61. Rh7 Bc6 62. Rh8 Kd6 63. Rf8 Ke7 64. Rb8 Kd6 65. Rxb6  1-0

[Event "2. Bundesliga West 2017/18"]
[Site "OMICRON Electronics"]
[Date "2017.12.02"]
[Round "4"]
[Board "4"]
[White "Leutwyler, Martin"]
[Black "Scheiblmaier, Robert"]
[Result "1/2-1/2"]
[WhiteElo "2200"]
[BlackElo "2183"]
[PlyCount "158"]
[EventDate "2017.10.13"]
[EventType "team"]
[EventRounds "11"]
[EventCountry "AUT"]
[WhiteTeam "Dornbirn"]
[BlackTeam "ASK Salzburg"]

1. d4 d5 2. Nf3 c5 3. c4 e6 4. cxd5 exd5 5. g3 Nc6 6. Bg2 Nf6 7. O-O Be7 8. Nc3
O-O 9. dxc5 Bxc5 10. Bg5 d4 11. Ne4 Be7 12. Bxf6 Bxf6 13. Nxf6+ Qxf6 14. b4
Nxb4 15. Nxd4 Rd8 16. Qa4 Qxd4 17. Rad1 Bd7 18. Rxd4 Bxa4 19. Rxb4 Bc6 20. Bxc6
bxc6 21. e3 Rd2 22. a4 g6 23. Rc1 Rd6 24. Rb7 a5 25. Rb6 Rc8 26. Ra6 Rd2 27.
Rxa5 Ra2 28. Rc4 Rc7 29. g4 h6 30. h4 Kg7 31. Ra6 c5 32. g5 hxg5 33. hxg5 Rd7
34. Rxc5 Rdd2 35. Rf6 Rxa4 36. Rf3 Ra7 37. Kg2 Rad7 38. Kg3 R2d5 39. Rxd5 Rxd5
40. Kg4 Kf8 41. Rf6 Rd1 42. Ra6 Rb1 43. Ra7 Rb4+ 44. f4 Rb3 45. Kf3 Rb4 46. Ra3
Rb7 47. e4 Kg7 48. Ra4 Rb3+ 49. Kg4 Rb1 50. Ra7 Rg1+ 51. Kf3 Rf1+ 52. Ke3 Re1+
53. Kd4 Rd1+ 54. Ke5 Rb1 55. Rd7 Rb5+ 56. Rd5 Rb1 57. Kd6 Rb6+ 58. Kd7 Rb4 59.
Re5 Rb7+ 60. Kd6 Rb6+ 61. Kc5 Rb1 62. Kd4 Rd1+ 63. Ke3 Re1+ 64. Kf2 Ra1 65. Rd5
Ra2+ 66. Ke3 Ra4 67. Rd4 Ra3+ 68. Rd3 Ra4 69. Kf3 Ra1 70. f5 gxf5 71. exf5 Rf1+
72. Kg4 Rg1+ 73. Kf4 Rf1+ 74. Kg4 Rg1+ 75. Rg3 Ra1 76. Kh4 Rh1+ 77. Rh3 Rf1 78.
Kg4 Rg1+ 79. Kh5 f6  1/2-1/2

[Event "2. Bundesliga West 2017/18"]
[Site "OMICRON Electronics"]
[Date "2017.12.02"]
[Round "4"]
[Board "5"]
[White "Wollrab, Richard"]
[Black "Novkovic, Julia"]
[Result "0-1"]
[WhiteElo "2179"]
[BlackElo "2111"]
[PlyCount "66"]
[EventDate "2017.10.13"]
[EventType "team"]
[EventRounds "11"]
[EventCountry "AUT"]
[WhiteTeam "ASK Salzburg"]
[BlackTeam "Dornbirn"]

1. d4 g6 2. e4 Bg7 3. Nc3 d6 4. Be3 Nd7 5. Qd2 c6 6. a4 Qa5 7. Nf3 Ngf6 8. h3
O-O 9. Bd3 e5 10. dxe5 Nxe5 11. Nxe5 dxe5 12. O-O Be6 13. Rad1 Nh5 14. Ne2 Qc7
15. Qb4 Rfe8 16. Bc4 Nf4 17. Rfe1 Bf8 18. Qb3 Bxc4 19. Qxc4 Ne6 20. g3 Rad8 21.
c3 Be7 22. Kg2 b6 23. b4 Bg5 24. Bxg5 Nxg5 25. h4 Ne6 26. Nc1 Kg7 27. Nb3 Qc8
28. a5 Nf4+ 29. Kf3 h5 30. Qf1 Qg4+ 31. Ke3 Ng2+ 32. Qxg2 Rxd1 33. Re2 Qd7  0-1

[Event "2. Bundesliga West 2017/18"]
[Site "OMICRON Electronics"]
[Date "2017.12.02"]
[Round "4"]
[Board "6"]
[White "Ruescher, Christian"]
[Black "Herrmann, Michael"]
[Result "0-1"]
[WhiteElo "2068"]
[BlackElo "2079"]
[PlyCount "57"]
[EventDate "2017.10.13"]
[EventType "team"]
[EventRounds "11"]
[EventCountry "AUT"]
[WhiteTeam "Dornbirn"]
[BlackTeam "ASK Salzburg"]

1. e4 c6 2. d4 d5 3. e5 Bf5 4. Nc3 Qb6 5. Nge2 e6 6. Ng3 Bg6 7. h4 h6 8. h5 Bh7
9. Rh4 c5 10. Bb5+ Nc6 11. dxc5 Bxc5 12. Qe2 a6 13. Bxc6+ Qxc6 14. Rg4 g5 15.
hxg6 Bxg6 16. Be3 Ne7 17. Bxc5 Qxc5 18. Rc1 d4 19. Nce4 Qxe5 20. f4 Qa5+ 21. c3
O-O-O 22. b4 Qa3 23. Qc4+ Nc6 24. cxd4 Qe3+ 25. Ne2 Qxe4 26. b5 axb5 27. Qxb5
Kb8 28. Qb6 Bh5 29. Rb1  0-1

[Event "2. Bundesliga West 2017/18"]
[Site "OMICRON Electronics"]
[Date "2017.12.02"]
[Round "4"]
[Board "1"]
[White "Bertagnolli, Alexander"]
[Black "Anistratov, Dmitrij"]
[Result "1/2-1/2"]
[WhiteElo "2372"]
[BlackElo "2274"]
[PlyCount "139"]
[EventDate "2017.10.13"]
[EventType "team"]
[EventRounds "11"]
[EventCountry "AUT"]
[WhiteTeam "Kufstein/Woergl"]
[BlackTeam "Goetzis 2"]

1. d4 d6 2. c4 Nf6 3. Nc3 Nbd7 4. e4 c6 5. Bd3 e5 6. Nge2 Be7 7. d5 O-O 8. Ng3
Nc5 9. O-O cxd5 10. cxd5 Nxd3 11. Qxd3 Ne8 12. Be3 Bg5 13. Rac1 g6 14. Rc2 Bd7
15. f4 exf4 16. Bxf4 Ng7 17. Qe3 Bxf4 18. Qxf4 Qe7 19. Qf6 Qxf6 20. Rxf6 Ne8
21. Rff2 Rc8 22. Nd1 Rxc2 23. Rxc2 f5 24. exf5 gxf5 25. Ne2 f4 26. Nd4 Bf5 27.
Nxf5 Rxf5 28. Rc8 Re5 29. Nc3 Kf7 30. Kf2 Nf6 31. Rc7+ Kg6 32. h3 Nxd5 33. Nxd5
Rxd5 34. Rxb7 a5 35. a4 Rd4 36. b3 Rd3 37. Rb5 Kf6 38. Rxa5 Rxb3 39. Rh5 Ra3
40. Rxh7 d5 41. Rh5 Ke6 42. a5 Rxa5 43. Kf3 Ra4 44. Rg5 Rd4 45. h4 Kf6 46. Rg8
Kf5 47. Rf8+ Ke5 48. h5 Rd3+ 49. Kf2 Rd1 50. Kf3 Rd3+ 51. Ke2 Rg3 52. Kf2 Rg5
53. h6 Rh5 54. Rh8 Kf6 55. Kf3 Kg6 56. Kxf4 Rxh6 57. Rd8 Rh4+ 58. g4 Rh1 59.
Rd6+ Kg7 60. Kg5 Rd1 61. Rd7+ Kf8 62. Kf6 Ke8 63. Rd6 d4 64. g5 d3 65. g6 d2
66. Kg7 Ke7 67. Rd3 Ke6 68. Kg8 Rg1 69. Rxd2 Rxg6+ 70. Kh7  1/2-1/2

[Event "2. Bundesliga West 2017/18"]
[Site "OMICRON Electronics"]
[Date "2017.12.02"]
[Round "4"]
[Board "2"]
[White "De Visser, Leon"]
[Black "Koepke, Christian"]
[Result "1-0"]
[WhiteElo "2199"]
[BlackElo "2290"]
[PlyCount "63"]
[EventDate "2017.10.13"]
[EventType "team"]
[EventRounds "11"]
[EventCountry "AUT"]
[WhiteTeam "Goetzis 2"]
[BlackTeam "Kufstein/Woergl"]

1. c4 g6 2. g3 Bg7 3. Bg2 Nf6 4. Nc3 O-O 5. d3 d6 6. Rb1 a5 7. a3 e5 8. e4 c6
9. Nge2 Na6 10. O-O Bd7 11. b4 axb4 12. axb4 Nc7 13. h3 b5 14. cxb5 Nxb5 15.
Nxb5 cxb5 16. Be3 Bc6 17. Rc1 Qd7 18. Qb3 Ra6 19. Ra1 Rxa1 20. Rxa1 Rc8 21. Nc3
Ra8 22. Ra5 Rc8 23. d4 Ng4 24. d5 Nxe3 25. fxe3 Bb7 26. Nxb5 Bh6 27. Kh2 Rc1
28. Qa3 Qc8 29. Nxd6 Qc2 30. Rc5 Qf2 31. Rxc1 Bxe3 32. Rf1  1-0

[Event "2. Bundesliga West 2017/18"]
[Site "OMICRON Electronics"]
[Date "2017.12.02"]
[Round "4"]
[Board "3"]
[White "Rusche, Johannes"]
[Black "Mittelberger, Peter"]
[Result "0-1"]
[WhiteElo "2282"]
[BlackElo "2180"]
[PlyCount "98"]
[EventDate "2017.10.13"]
[EventType "team"]
[EventRounds "11"]
[EventCountry "AUT"]
[WhiteTeam "Kufstein/Woergl"]
[BlackTeam "Goetzis 2"]

1. e4 d6 2. d4 g6 3. Nc3 Bg7 4. Be3 a6 5. Qd2 b5 6. h4 h5 7. f3 Nd7 8. Nh3 Bb7
9. Ng5 c5 10. Rd1 cxd4 11. Bxd4 Ngf6 12. a4 b4 13. Bc4 O-O 14. Ne2 a5 15. Bb3
Qc7 16. Nf4 Nc5 17. Bxf7+ Rxf7 18. Nxf7 Kxf7 19. Nh3 Ne6 20. Ng5+ Nxg5 21. hxg5
Nd7 22. g4 Bxd4 23. Qxd4 Ne5 24. Kf2 Qxc2+ 25. Qd2 Qxd2+ 26. Rxd2 Kg7 27. gxh5
gxh5 28. Kg3 Rf8 29. Rf2 Kg6 30. Rh4 Nd3 31. Rfh2 Rh8 32. Re2 Kxg5 33. Rd2 Nc5
34. e5 Rf8 35. f4+ Kg6 36. Kh2 dxe5 37. fxe5 Bf3 38. Rc4 Nxa4 39. Rc7 e6 40.
Rf2 Rf5 41. Ra7 Bd5 42. Re2 Nc5 43. Rxa5 Nd3 44. Rb5 b3 45. Rd2 Nxe5 46. Rdxd5
exd5 47. Rxb3 d4 48. Rb8 Ng4+ 49. Kg3 Rd5  0-1

[Event "2. Bundesliga West 2017/18"]
[Site "OMICRON Electronics"]
[Date "2017.12.02"]
[Round "4"]
[Board "4"]
[White "Kranz, Armin"]
[Black "Seresin, Francesco"]
[Result "0-1"]
[WhiteElo "2052"]
[BlackElo "2260"]
[PlyCount "114"]
[EventDate "2017.10.13"]
[EventType "team"]
[EventRounds "11"]
[EventCountry "AUT"]
[WhiteTeam "Goetzis 2"]
[BlackTeam "Kufstein/Woergl"]

1. d4 Nf6 2. c4 g6 3. Nc3 d5 4. cxd5 Nxd5 5. e4 Nxc3 6. bxc3 Bg7 7. Be3 c5 8.
Rc1 O-O 9. Qd2 Qa5 10. Nf3 Rd8 11. d5 Nd7 12. c4 Qxd2+ 13. Nxd2 e6 14. Be2 b6
15. O-O Re8 16. Rfe1 exd5 17. cxd5 Nf6 18. Bd3 Bd7 19. h3 Re7 20. Bf4 Nh5 21.
Bg5 Ree8 22. Nc4 h6 23. Bd2 Bb5 24. Bf1 Bxc4 25. Bxc4 Rad8 26. g4 Nf6 27. f3
Nd7 28. Kg2 g5 29. Bb5 Bf6 30. h4 Kg7 31. hxg5 hxg5 32. Rh1 Kg6 33. Rh5 Rh8 34.
Rch1 Rxh5 35. Rxh5 Ne5 36. Rh1 a6 37. Be2 b5 38. f4 gxf4 39. Bxf4 Nd7 40. Rh6+
Kg7 41. g5 Be5 42. Bc1 Ra8 43. Kf3 c4 44. Kg4 Bd4 45. Kf5 Re8 46. Bf4 a5 47. g6
fxg6+ 48. Rxg6+ Kh7 49. Re6 Rf8+ 50. Kg5 Bf6+ 51. Kh5 Nc5 52. Rc6 Nxe4 53. Rc7+
Bg7 54. Kg4 Nf6+ 55. Kg3 Nxd5 56. Rxg7+ Kxg7 57. Be5+ Kg6  0-1

[Event "2. Bundesliga West 2017/18"]
[Site "OMICRON Electronics"]
[Date "2017.12.02"]
[Round "4"]
[Board "5"]
[White "Prediger, Rupert"]
[Black "Laske, Erich"]
[Result "1-0"]
[WhiteElo "2225"]
[BlackElo "2051"]
[PlyCount "91"]
[EventDate "2017.10.13"]
[EventType "team"]
[EventRounds "11"]
[EventCountry "AUT"]
[WhiteTeam "Kufstein/Woergl"]
[BlackTeam "Goetzis 2"]

1. e4 c5 2. Nf3 e6 3. d4 cxd4 4. Nxd4 a6 5. Bd3 Bc5 6. Nb3 Ba7 7. O-O Ne7 8.
Qe2 O-O 9. c4 Nbc6 10. Nc3 d5 11. exd5 exd5 12. cxd5 Nb4 13. Be4 Nexd5 14. Nxd5
Nxd5 15. Rd1 Be6 16. Qf3 Qh4 17. Rxd5 Bxd5 18. Bxd5 Rad8 19. Be3 Bxe3 20. fxe3
Rd6 21. e4 Rh6 22. Qg3 Qd8 23. Rf1 Rg6 24. Qe3 b5 25. Qa7 Rf6 26. Rxf6 Qxf6 27.
Qf2 Qe5 28. Qd4 Qh5 29. Qd2 Kh8 30. Nd4 g6 31. Nf3 Kg7 32. Qd4+ Kh6 33. Qf6 Rc8
34. h3 Rc1+ 35. Kh2 Rf1 36. Qxf7 Rxf3 37. Qxf3 Qe5+ 38. Qg3 Qxb2 39. Qh4+ Kg7
40. Qe7+ Kh6 41. e5 Qd4 42. Qf8+ Kg5 43. Qf6+ Kh6 44. Bf3 a5 45. Kg3 Qa1 46.
Qf8+  1-0

[Event "2. Bundesliga West 2017/18"]
[Site "OMICRON Electronics"]
[Date "2017.12.02"]
[Round "4"]
[Board "6"]
[White "Khachatouri, Saro"]
[Black "Neuschmied, Siegfried"]
[Result "0-1"]
[WhiteElo "1923"]
[BlackElo "2155"]
[PlyCount "54"]
[EventDate "2017.10.13"]
[EventType "team"]
[EventRounds "11"]
[EventCountry "AUT"]
[WhiteTeam "Goetzis 2"]
[BlackTeam "Kufstein/Woergl"]

1. e4 d6 2. d4 Nf6 3. Nc3 g6 4. Nf3 Bg7 5. Be2 O-O 6. O-O c6 7. a4 a5 8. Nd2
Na6 9. Nb3 Nb4 10. Be3 Be6 11. f4 Qb6 12. Qd2 Nxc2 13. Qxc2 Qxb3 14. Qd2 Bc4
15. Ra3 Qb4 16. Bxc4 Qxc4 17. f5 Ng4 18. Ne2 e6 19. Rf4 exf5 20. exf5 Nxe3 21.
Rxe3 Rfe8 22. Rfe4 Rxe4 23. Rxe4 Qd5 24. Qe3 Qxf5 25. Ng3 Qd5 26. Ne2 Rf8 27.
g4 Bf6  0-1

[Event "2. Bundesliga West 2017/18"]
[Site "OMICRON Electronics"]
[Date "2017.12.02"]
[Round "4"]
[Board "1"]
[White "Lanka, Zigurds"]
[Black "Riediger, Martin"]
[Result "1/2-1/2"]
[WhiteElo "2426"]
[BlackElo "2288"]
[PlyCount "67"]
[EventDate "2017.10.13"]
[EventType "team"]
[EventRounds "11"]
[EventCountry "AUT"]
[WhiteTeam "Zillertal"]
[BlackTeam "Ranshofen"]

1. e4 e5 2. Nf3 Nc6 3. Bb5 a6 4. Ba4 Nf6 5. O-O Be7 6. d3 b5 7. Bb3 d6 8. c3
O-O 9. Re1 Nd7 10. Nbd2 Nb6 11. Nf1 Na5 12. Bc2 c5 13. Ng3 Nc6 14. h3 Be6 15.
a3 Re8 16. b4 a5 17. bxc5 dxc5 18. Be3 Qd6 19. d4 cxd4 20. cxd4 Nxd4 21. Bxd4
exd4 22. e5 Qd7 23. Qb1 h6 24. Rd1 Bc5 25. Nf5 Nd5 26. N3xd4 Nc3 27. Qb2 Nxd1
28. Rxd1 Bxf5 29. Nxf5 Qe6 30. Re1 b4 31. Bb1 b3 32. Qc3 Bf8 33. Nd4 Qd5 34. e6
 1/2-1/2

[Event "2. Bundesliga West 2017/18"]
[Site "OMICRON Electronics"]
[Date "2017.12.02"]
[Round "4"]
[Board "2"]
[White "Knechtel, Roland"]
[Black "Hausner, Ivan"]
[Result "1/2-1/2"]
[WhiteElo "2245"]
[BlackElo "2321"]
[PlyCount "63"]
[EventDate "2017.10.13"]
[EventType "team"]
[EventRounds "11"]
[EventCountry "AUT"]
[WhiteTeam "Ranshofen"]
[BlackTeam "Zillertal"]

1. d4 Nf6 2. Nf3 d6 3. c4 Nbd7 4. Nc3 e5 5. Bg5 Be7 6. e3 c6 7. Be2 O-O 8. Qc2
Ne8 9. Bxe7 Qxe7 10. O-O Ndf6 11. dxe5 dxe5 12. Rad1 Bg4 13. Rd2 Nc7 14. Rfd1
Bxf3 15. Bxf3 Rad8 16. Qa4 Rxd2 17. Rxd2 Qc5 18. Be2 a5 19. a3 Ne6 20. b4 axb4
21. axb4 Qe7 22. c5 Rd8 23. Qd1 Rxd2 24. Qxd2 Qd8 25. Qa2 b6 26. cxb6 Qxb6 27.
Qa8+ Nf8 28. Qa5 Qb8 29. Bf3 Qd6 30. Qc5 Qxc5 31. bxc5 Ne6 32. Bxc6  1/2-1/2

[Event "2. Bundesliga West 2017/18"]
[Site "OMICRON Electronics"]
[Date "2017.12.02"]
[Round "4"]
[Board "3"]
[White "Maiwald, Jens-Uwe"]
[Black "Ager, Josef"]
[Result "1/2-1/2"]
[WhiteElo "2452"]
[BlackElo "2109"]
[PlyCount "117"]
[EventDate "2017.10.13"]
[EventType "team"]
[EventRounds "11"]
[EventCountry "AUT"]
[WhiteTeam "Zillertal"]
[BlackTeam "Ranshofen"]

1. d4 Nf6 2. Nf3 g6 3. Bg5 Bg7 4. Nbd2 O-O 5. c3 b6 6. e4 Bb7 7. Bd3 d5 8. Qe2
dxe4 9. Nxe4 Nbd7 10. O-O-O Nxe4 11. Bxe4 Bxe4 12. Qxe4 Nf6 13. Bxf6 Bxf6 14.
h4 Qd7 15. h5 Qf5 16. Rde1 Qxe4 17. Rxe4 Rad8 18. Kc2 Rd5 19. g4 e6 20. h6 b5
21. a4 bxa4 22. Ra1 Ra5 23. Ne5 Bg5 24. Nd7 Rd8 25. Nc5 Rb8 26. Rh1 Be7 27. Nd7
Rd8 28. Ne5 Ra6 29. Nd3 a3 30. b4 a2 31. Ra1 Bg5 32. Nc5 Rb6 33. Rxa2 Ra8 34.
f4 Bxh6 35. Nd7 Rd6 36. Nf6+ Kf8 37. g5 Bg7 38. Nxh7+ Ke7 39. Re1 Rb6 40. Rea1
a6 41. Kd3 Kd7 42. Ra5 Rh8 43. Rh1 Kc8 44. Raa1 Kb7 45. Nf6 Bxf6 46. gxf6 Rf8
47. Ra5 Rd8 48. Rh7 Rd7 49. Rh8 Rb5 50. Rxb5+ axb5 51. Rf8 Kc6 52. Ke4 Kd6 53.
Ke3 Kd5 54. Kd3 Kc6 55. c4 bxc4+ 56. Kxc4 Rd5 57. Rxf7 Rf5 58. Kd3 Rxf4 59. Ke3
 1/2-1/2